| 000 | 00938nam a2200301 a 4500 | ||
|---|---|---|---|
| 001 | 000044297 | ||
| 003 | DO-SdBNP | ||
| 005 | 20171017113109.0 | ||
| 007 | 000044297 | ||
| 008 | 140613s2013 dr 000 0 spa d | ||
| 020 | _a9789945174939 | ||
| 040 |
_aBPMSU _bspa _cBPMSU |
||
| 082 | 4 |
_2 _aRD863.44 _bV145d |
|
| 092 | _a | ||
| 100 | 1 | _aValdez, Pedro Antonio | |
| 245 | 1 | 0 |
_aDromedáriux : _bla batalla del armario / _cPedro Antonio Valdez |
| 260 |
_aSanto Domingo : _bEdiciones SM, _c2013. |
||
| 300 |
_a78 p. ; _c21 cm. |
||
| 490 | 1 |
_aEl barco de vapor _v; 14 |
|
| 500 | _aIncluye datos biográficos del autor en la contra portada | ||
| 586 | _aPremio el barco de vapor 2013 | ||
| 650 | 4 | _aCUENTOS INFANTILES DOMINICANOS | |
| 650 | 4 | _aLITERATURA INFANTIL DOMINICANA | |
| 830 | 0 |
_aEl barco de vapor _v14 |
|
| 942 |
_2ddc _cBK |
||
| 945 | _aInventariado infantil / 2017 VM | ||
| 956 |
_aVMATEO _b10 _c20140613 _lBPMSU _h0069 |
||
| 999 |
_c7299 _d7299 |
||